00335nam a2200121Ia 450000500170000000800410001708200170005824500250007526000390010030000120013950000350015170000270018620250528022814.0240331s9999 xx 000 0 und d a302.234bADO 0aAdoor Gopalakrishnan aSri LankabAsian Film centrec1993 a69 p ., aA book of Adoor Gopalakrishnan aRatnavibusha, R. eedt